000 00624na a2200217 4500
001 16487
003 MIRAKIL
005 20181213154758.0
008 161010b tu 000 0
040 _aMilas
_btur
_cTR-AnCHP
041 _atur
082 _a956.101543
_bY99 2015
090 _a956.101543 Y99 2015
245 _a100. yılında fotoğraflarla Çanakkale
_cTBMM
246 _aFotoğraflarla Çanakkale
260 _aAnkara
_bTBMM Basımevi
_c2015
300 _a142 s.
_bfotg.
_c20x23 sm.
650 _aÇanakkale Savaşları
_xFotoğraflar
651 _aÇanakkale
_xTarih
_yResimli yapıtlar
942 _2ddc
_cBKS
999 _c721
_d721